000 00726nam a2200217Ia 4500
003 GCL
008 140319s9999 xx 000 0 ara d
040 _aGCL /
_cGCL
082 0 4 _a348.07
_bان
100 1 _aاحمد كامل ابوالسعود
245 1 0 _aنظرية البطلان فى الاحكام المدنية والتجارية /
_cاحمد كامل ابوالسعود
260 _a[S.N] :
_bدار الفكر الجامعى ،
_c1989
300 _a199 ص
490 _aالمدونة الذهبية
_v0
650 0 4 _aالقانون
650 0 4 _aمصر
650 0 4 _aالقانون المدنى
650 0 4 _aقوانين وتشريعات
650 0 4 _aالقانون التجارى
942 _2ddc
_cBK
999 _c53918
_d53918